Statistics for What the Dickens?

Click here to take the quiz!

General Stats

  • This quiz has been taken 4,245 times
  • The average score is 15 of 22

Answer Stats

HintAnswer% Correct
Who was Queen of England during the writing career of Charles Dickens?Queen Victoria
98%
What was Scrooge's first name?Ebenezer
93%
What dangerous (and dirty) profession was Oliver Twist nearly forced into?{Chimney} Sweep
92%
What were the the two cities in "A Tale of Two Cities"?London
91%
What were the the two cities in "A Tale of Two Cities"?Paris
86%
What two words did Scrooge say when someone wished him a merry Christmas?Bah! Humbug!
81%
Who says "God bless us, every one" at the end of "A Christmas Carol"?Tiny Tim
78%
What was the "profession" of the Artful Dodger? (be specific)Pickpocket
75%
What famous magician takes his name from the title of a Charles Dickens novel?David Copperfield
74%
What type of food did Oliver ask for some more of?Gruel
68%
What are the first six words in "A Tale of Two Cities"?It was the best of times
66%
What type of dress did Miss Havisham wear every day?Wedding Dress
65%
What was Dickens' first novel?The {Pickwick} Papers
65%
Fill the blanks in the titles of these Dickens novelsBleak {House}
63%
Fill the blanks in the titles of these Dickens novelsHard {Times}
61%
To what type of prison was Dickens' father sent, inspiring many of his novels?Debtors' Prison
58%
Fill the blanks in the titles of these Dickens novelsThe Old {Curiosity} Shop
57%
To what country was Abel Magwitch exiled in "Great Expectations"?Australia
56%
What time-passing activity did the bloodthirsty Madame Dafarge do while sitting and
plotting in the corner of her wine shop?
Knitting
51%
Who was the main character of "Great Expectations"?Pip (Philip Pirrip)
50%
Fill the blanks in the titles of these Dickens novels{Martin} Chuzzlewit
43%
What was Dickens' final unfinished novel?The Mystery of
Edwin {Drood}
41%

Score Distribution

Percentile by Number Answered

Percent of People with Each Score

Your Score History

You have not taken this quiz